Los descubiertos

Uloženo v:
Podrobná bibliografie
Hlavní autor: Peri Fagerström, René (Autor)
Médium: Kniha
Jazyk:španělština
Vydáno: Santiago Red Internacional del Libro 1991
Témata:
Tagy: Přidat tag
Žádné tagy, Buďte první, kdo vytvoří štítek k tomuto záznamu!

MARC

LEADER 00000nam a2200000 a 4500
001 UCL0629
003 CL-VaPUC
008 030801e19910000CL |||||||||||||||||spa|d
020 |a 9567159075 
082 0 4 |a 980.013  |b PER  |2 21 
100 0 |a Peri Fagerström, René  |e author  |9 477308 
245 1 4 |a Los descubiertos 
300 |a 176 p 
942 |c BK 
945 |d 20030801 00:00:00  |a cmena 
260 |a Santiago  |b Red Internacional del Libro  |c 1991 
650 7 |a DESCUBRIMIENTO DE AMERICA  |2 CL-VaPUC  |9 477309 
650 0 |a Historia de América  |9 266076 
651 0 |a América  |9 255182 
583 |a last modification  |c 20030801 00:00:00  |k Rodrigo Vera 
999 |c 304446  |d 304444 
952 |0 0  |1 0  |4 0  |6 980_013000000000000_PER_1991  |7 0  |8 A  |9 366741  |a BIBHIS  |b BIBHIS  |d 2019-11-21  |i 3908216  |o 980.013 PER 1991  |p 3908216  |r 2025-01-20  |w 2019-11-21  |y BK  |k HIS